Kể chuyện hậu phương thời kháng chiến

Đã lưu trong:
Chi tiết về thư mục
Tác giả chính: Nguyễn Văn Khoan
Định dạng: Sách
Ngôn ngữ:Vietnamese
Được phát hành: Tp.HCM Nxb. Tổng hợp Tp.HCM 2016
Những chủ đề:
Các nhãn: Thêm thẻ
Không có thẻ, Là người đầu tiên thẻ bản ghi này!
Thư viện lưu trữ: Mạng thư viện Đại học Đà Nẵng
LEADER 01091nam a2200313 4500
001 000025286
003 21779
005 20170914090949.0
008 170914s2016 viesd
020 |a 9786045847602  |c 60000đ 
041 0 |a vie 
082 1 4 |a 959.7041  |b NG-K 
100 1 |a Nguyễn Văn Khoan 
245 1 0 |a Kể chuyện hậu phương thời kháng chiến  |c Nguyễn Văn Khoan 
260 |a Tp.HCM  |b Nxb. Tổng hợp Tp.HCM  |c 2016 
300 |a 207 tr.  |c 21 cm. 
650 0 4 |a Chiến tranh Đông Dương  |y 1946-1954  |z Việt Nam 
650 0 4 |a Lịch sử  |y 1946-1954  |z Việt Nam 
653 |a Lịch sử Việt Nam 
OWN |a LSP 
AVA |a UDN50  |b LSP  |d 959.7041 NG-K  |e available  |t Error 5001 Not defined in file expand_doc_bib_avail.  |f 2  |g 0  |h N  |i 1  |k 1 
999 |a From the UDN01 
AVA |a UDN50  |b LSP  |d 959.7041 NG-K  |e available  |t Error 5001 Not defined in file expand_doc_bib_avail.  |f 2  |g 0  |h N  |i 1  |k 1 
TYP |a Monograph 
TYP |a Printed language 
980 |a Mạng thư viện Đại học Đà Nẵng